03402nam a2200337 4500001000700000003000900007005001700016008004100033020002700074020002700101040004400128041000800172082002900180245007300209250002200282260006200304300002700366490004500393505134200438505061701780650007102397650007302468650004402541650006902585700005302654700006102707942001202768999001902780952013202799952013302931113488DR-UNIBE20260213153341.0250424b2001 dr ||||| |||| 00| 0 spa d a9993481653 (volumen 1) a9993481661 (volumen 2) aBIBLIOTECA UNIBEbspacBIBLIOTECA UNIBE aspa 222aRD 347.7293016 P965L00aProntuario de legislación de la competencia de los juzgados de paz aPrimera edición aSanto Domingo :bEscuela Nacional de la Judicatura,c2001 a2 volúmenes ;c28 cm aBiblioteca básica del juez de paz ;v30 aVolumen 1 | A manera de introducción | Competencia general de los tribunales | PRIMERA PARTE | 1.1 Disposiciones de orden organizacional | 1.1.1. Artículos 76 y 77 de la Constitución de la República Dominicana | 1.1.2. Normativas de organización | 1.1.3. Ley de carrera judicial de la República Dominicana | 1.1.4. Reglamento de la carrera judicial | 1.1.5. Leyes que crean juzgados de paz y determinan límites de circunscripciones | 1.1.6. Normativas relativas al cobro de impuestos | 1.1.7. Resolución No. 246-2001 de la Suprema Corte de Justicia con relación al cobro de honorarios por los jueces de paz | 1.1.8. Ley 302, de 1964, sobre honorarios de abogados | 1.1.9. Ley 091, de 1983, que crea el colegio de abogados | 1.1.10. Resolución de la Suprema Corte de Justicia, ratificando que la designación de juez suplente entrega la investidura de notario público | SEGUNDA PARTE. NORMATIVAS DE CARÁCTER PENAL EXCLUSIVA | Sección I | 2.1 Providencias de procedimiento | Sección II | 2.2 Providencias de carácter urbano | Sección III | 2.3 Providencias de carácter rural | Sección IV. | 2.4 Providencias de carácter mixto | TERCERA PARTE. NORMATIVAS DE CARÁCTER GENERAL | Sección I. | 3.1 Disposiciones relativas a infracciones laborales | 3.2 Disposiciones relativas a accidentes de trabajo 0 aVolumen 2 | CUARTA PARTE. NORMATIVAS QUE ATRIBUYEN COMPETENCIA PENAL NO EXCLUSIVA | Sección I | 4.1 Disposiciones de carácter particular | Sección II | 4.2 Disposiciones relativas a niños, niñas y adolescentes | 4.3 Disposiciones relativas a alquileres y propiedad de pisos o apartamentos | QUINTA PARTE. NORMATIVAS QUE ATRIBUYEN COMPETENCIA CIVIL Y COMERCIAL | Sección I | 5.1 Disposiciones relativas a actividades civiles y comerciales | Sección II | 5.2 Disposiciones de carácter administrativo | SEXTA PARTE | 6.1 Diversas normativas que otorgan competencia a los juzgados de paz municipales  72lembaJueces de pazxLegislaciónzRepública Dominicana9202411 42lembaJuzgados de pazxLegislaciónzRepública Dominicana9202412 4aJuzgados de pazxOrganización9202413 7aAdministración de justicia2lembzRepública Dominicana98552 aSubero Isa, Jorge A.,d1947-eprologuista9156421 aCastellanos Estrella, Víctor Joséecompilador929257 2ddccBK c113488d113488 00102ddc708GEN-RDaPrincipald2025-02-24l0oRD 347.7293016 P965Lp250343r2025-04-24 14:34:09tVol. 1 Ej. 1w2025-04-24yBK 00102ddc708GEN-RDaPrincipald2025-02-24l0oRD 347.7293016 P965Lp250344r2025-04-24 14:35:03tVol. 2, Ej. 1w2025-04-24yBK